Riadenie udalostných systémov s využitím Petriho sietí a OPC UA
Enregistré dans:
| Auteur principal: | |
|---|---|
| Autres auteurs: | |
| Format: | Manuscrit Livre |
| Langue: | slovaque |
| Publié: |
Bratislava :
STU v Bratislave FEI,
2022
|
| Sujets: | |
| Accès en ligne: | https://opac.crzp.sk/?fn=detailBiblioFormChildYGA5J&sid=7E432E204D1F6C32995D8E3802D8&seo=CRZP-detail-kniha |
| Tags: |
Pas de tags, Soyez le premier à ajouter un tag!
|
MARC
| LEADER | 00000ntm a22000003a 4500 | ||
|---|---|---|---|
| 001 | stuzp85889 | ||
| 003 | SK-STU | ||
| 005 | 20230109130535.5 | ||
| 007 | ta | ||
| 008 | 150427s2015----xo-----f-mn---000-0-slo-d | ||
| 040 | |a STU |b slo | ||
| 041 | 0 | |a slo | |
| 044 | |a xo | ||
| 100 | 1 | |a Marton, Matej |u 030400 |4 aut |U FEI Fakulta elektrotechniky a informatiky |T FEI Ústav automobilovej mechatroniky |X 80028 |U E400 |Y 642 |7 80028 | |
| 242 | 0 | 1 | |a Control of Discrete-event Systems Using Petri Nets and OPC UA |y eng |
| 245 | 1 | 0 | |a Riadenie udalostných systémov s využitím Petriho sietí a OPC UA |
| 260 | |a Bratislava : |b STU v Bratislave FEI, |c 2022 | ||
| 300 | |a 63 s., príl. | ||
| 650 | 4 | |a Petriho sieť |2 slo | |
| 650 | 4 | |a OPC UA |2 slo | |
| 650 | 4 | |a riadenie udalostných systémov |2 slo | |
| 650 | 4 | |a control of discrete-event systems |2 eng | |
| 650 | 4 | |a Petri net |2 eng | |
| 650 | 4 | |a OPC UA |2 eng | |
| 700 | 1 | |a Kučera, Erik |u 030400 |k Z1 |4 ths |U FEI Fakulta elektrotechniky a informatiky |T FEI Ústav automobilovej mechatroniky |X 55901 |U E400 |Y 642 |7 A000055901 | |
| 856 | 4 | |u https://opac.crzp.sk/?fn=detailBiblioFormChildYGA5J&sid=7E432E204D1F6C32995D8E3802D8&seo=CRZP-detail-kniha | |